[Event "27th Keres Memorial 2018"]
[Site "Tallinn"]
[Date "2018.01.14"]
[Round "10"]
[White "Turov, Maxim"]
[Black "Chigaev, Maksim"]
[Result "0-1"]
[WhiteElo "2640"]
[BlackElo "2639"]
[Annotator "TA"]
[PlyCount "91"]
[EventDate "2018.??.??"]
[EventType "swiss"]
[EventCountry "EST"]
[SourceTitle "playchess.com"]
[Source "ChessBase"]
[SourceQuality "1"]

{[%evp 11,91,23,27,0,10,1,8,2,43,7,0,9,4,4,28,40,30,14,22,28,33,32,40,25,36,0,0,0,0,0,0,0,0,0,136,147,129,0,68,2,18,19,29,23,9,15,27,0,41,0,506,19,15,0,0,0,37,17,127,118,121,115,115,79,68,0,0,0,0,0,0,0,0,0,0,0,0,-47,-20,-69,-74,-245]} 1. Nf3 g6 2. g3 b6 3. Bg2 Bb7 4. O-O Bg7 5. d3 Nf6 6. e4 d6 {LiveBook: 51 Games} 7. Ng5 {A05: Réti Opening: 1 Nf3 Nf6} (7. c4 c5 8. Nc3 O-O 9. Rb1 Nc6 10. h3 Nd7 11. Be3 Rc8 12. d4 cxd4 13. Nxd4 Nxd4 14. Bxd4 Rxc4 15. Bxg7 Kxg7 16. b3 Rc5 17. Qd4+ Nf6 {1-0 (100) Harikrishna,P (2737)-Bluebaum,M (2588) Berlin 2015}) 7... h6 $146 ({Find the theoretical novelty and annotate with similar games:} 7... e5 8. f4 Nbd7 9. Nc3 Qe7 10. Nb5 O-O 11. Nxc7 Rac8 12. Nb5 exf4 13. Bxf4 Nh5 14. c3 Rc5 {1-0 (36) Turov,M (2595)-Babula,V (2552) Teplice 2017}) 8. Nh3 e5 9. f4 {[%cal Bf2f4,Bf4f5][%mdl 32] The position is equal.} Nbd7 10. Be3 h5 11. f5 Qe7 12. Nc3 Bh6 13. Bxh6 Rxh6 14. Qd2 Rh8 $1 15. fxg6 fxg6 16. Nd5 Bxd5 17. exd5 h4 18. Ng5 {Threatens to win with Ne6.} hxg3 19. hxg3 O-O-O 20. a4 {[%cal Ba2a4,Ba4a5][%mdl 32]} Rh5 21. a5 b5 $1 22. Bf3 {Hoping for Ne6.} Rdh8 (22... Ng4 $1 $11 23. Nf7 (23. Bxg4 Rxg5 24. Qb4 e4 $11) 23... Rh3) 23. Bxh5 $16 Rxh5 {[#]} 24. Nf3 (24. Ne4 $1 $16) 24... Nxd5 (24... Ng4 $11) 25. Kg2 ({Better is} 25. Rae1 $14) 25... Qe6 {White must now prevent ...Qh3+.} 26. Rh1 Qg4 {Threatening ...N7f6.} 27. Rxh5 gxh5 28. Qf2 a6 29. Rh1 Nf4+ 30. Kh2 Qh3+ 31. Kg1 Qg4 32. Kh2 Qh3+ 33. Kg1 Qg4 {With the idea ...Nh3+.} 34. Kf1 Ng6 (34... Nd5 $11) 35. Nh4 Ne7 36. Qf3 Qg5 37. Ke2 Nc5 38. Qe3 ({White should try} 38. Ng2 $14) 38... Qg4+ $11 39. Qf3 Qa4 40. Rc1 Qa2 41. Qf8+ ({Don't blunder} 41. Qxh5 $2 Qxb2 42. Rd1 Nb3 $19) 41... Kd7 42. Nf5 Nxf5 43. Qxf5+ Kc6 $1 44. Qxh5 Qxb2 45. Qf3+ e4 $1 {[%cal Re4f3][%mdl 1024] Black has compensation.} 46. Qe3 $2 {Precision: White = 57%, Black = 65%.} (46. Qh1 $17 {was the only defense.}) 0-1

[Event "27th Keres Memorial 2018"]
[Site "Tallinn"]
[Date "2018.01.14"]
[Round "10"]
[White "Kantans, Toms"]
[Black "Fridman, Daniel"]
[Result "0-1"]
[WhiteElo "2531"]
[BlackElo "2671"]
[Annotator "TA"]
[PlyCount "90"]
[EventDate "2018.??.??"]
[EventType "swiss"]
[EventCountry "EST"]
[SourceTitle "playchess.com"]
[Source "ChessBase"]
[SourceQuality "1"]

{[%evp 14,90,33,16,18,-25,0,0,0,-20,-9,-83,-85,-98,-101,-101,-105,-100,-94,-91,-98,-113,-111,-164,-159,-158,-158,-154,-143,-139,-115,-148,-135,-151,-146,-197,-190,-223,-208,-223,-223,-223,-223,-347,-230,-229,-211,-231,-229,-296,-293,-359,-269,-272,-268,-289,-279,-297,-307,-290,-281,-309,-310,-454,-412,-418,-416,-409,-417,-402,-393,-408,-406,-404,-397,-457,-457,-528,-489]} 1. e4 e5 2. Nf3 Nf6 3. Nxe5 d6 4. Nf3 Nxe4 5. d4 d5 6. Bd3 Nc6 7. O-O Bg4 8. Nc3 {[%cal Bb1c3,Bc3e2,Be2f4][%mdl 32] [#] LiveBook: 3 Games. Strongly threatening Nxd5! C42: Petroff Defence: 3 Nxe5 and unusual White 3rd moves} (8. Re1 Be7 9. c4 Nf6 10. Nc3 O-O 11. cxd5 Nxd5 12. h3 Be6 13. Ne4 h6 14. a3 Re8 15. b4 a6 16. Qc2 Bf5 17. Bd2 Bd6 18. Rad1 Bf4 19. Nc5 Rxe1+ 20. Bxe1 Bxd3 21. Qxd3 {0-1 (39) Kovalev,V (2641)-Yu,Y (2749) Khanty-Mansiysk 2017}) 8... f5 9. Re1 {Hoping for h3.} Be7 10. Ne2 {The position is equal.} O-O 11. Nf4 $146 ({Predecessor:} 11. c3 Bxf3 12. gxf3 Bh4 13. Ng3 Ng5 14. Kg2 Qd7 15. Bf4 Ne7 {0-1 (38) Newton,H (1946)-Martin,D (1750) IECC email 2002}) 11... Qd6 {next ...g5 is good for Black.} 12. h3 {[#]} (12. c3 $11 {remains equal.}) 12... Bxf3 $1 $17 13. gxf3 Bg5 (13... Nxd4 $6 14. c3 $11) 14. fxe4 fxe4 (14... Bxf4 $6 15. exd5 Bxc1 16. Rxc1 $14 (16. dxc6 Bxb2 17. cxb7 Rab8 $14)) 15. Ng2 Bxc1 ({And not} 15... exd3 16. Bxg5 Nxd4 17. Be7 $14) ({Of course not} 15... Nxd4 $6 16. Be2 $14) 16. Rxc1 exd3 ({Don't play} 16... Nxd4 $6 17. Be2 $11) 17. Qxd3 Qf6 $36 {[%mdl 2048] Black has strong initiative.} 18. f4 (18. c3 $17 {was necessary.}) 18... Qxd4+ $19 19. Qxd4 Nxd4 20. Kf2 Nf5 21. Re5 Rad8 22. Rd1 c6 23. c4 {[%cal Rc4d5]} d4 24. Rd3 (24. Ke2 $17) 24... Rde8 25. Ra5 a6 26. b4 g6 27. Kf3 Re6 28. Re5 (28. Raa3 {is a better defense.}) 28... Rxe5 29. fxe5 {[%mdl 4096] Endgame KRN-KRN} Nd6+ 30. Kg3 Nxc4 31. e6 Nd6 32. Nh4 Re8 33. Rxd4 Rxe6 34. Kf4 h6 {Threatens to win with ...g5+.} 35. Nf3 g5+ 36. Kg4 Kf7 37. Nd2 Kg6 38. a4 (38. Kf3 $142) 38... Nf5 {( -> ...h5+)} 39. Rd8 Re3 {[%csl Gg6][%cal Rh6h5]} 40. Rg8+ Ng7 {[%csl Gg6,Gg7][%cal Rh6h5]} 41. Nf3 Re4+ 42. Kg3 Rxb4 43. Ne5+ Kf5 44. Ng4 h5 45. Ne3+ Kf6 {Precision: White = 47%, Black = 81%.} 0-1

[Event "27th Keres Memorial 2018"]
[Site "Tallinn"]
[Date "2018.01.14"]
[Round "10"]
[White "Jezov, Roman"]
[Black "Kovalev, Vladislav"]
[Result "0-1"]
[WhiteElo "2323"]
[BlackElo "2642"]
[Annotator "TA"]
[PlyCount "58"]
[EventDate "2018.??.??"]
[EventType "swiss"]
[EventCountry "EST"]
[SourceTitle "playchess.com"]
[Source "ChessBase"]
[SourceQuality "1"]

{[%evp 16,58,7,6,31,33,40,16,26,12,23,12,38,-14,3,-9,-15,-18,-25,-52,-21,-49,-20,-67,-42,-63,-56,-54,-33,-53,-38,-58,-66,-81,-78,-211,-209,-202,-205,-214,-203,-223,-227,-894,-911]} 1. Nf3 Nf6 2. c4 g6 3. b3 Bg7 4. Bb2 O-O 5. g3 d6 6. Bg2 e5 7. O-O c5 {A15: English Opening: 1...Nf6} 8. d3 (8. Nc3 Nc6 9. d3 Rb8 10. Nd2 a6 11. a3 Bg4 12. h3 Bd7 13. b4 cxb4 14. axb4 Nxb4 15. Ba3 a5 16. Rb1 b5 17. Nxb5 d5 {½-½ (30) Artemiev,V (2691)-Grischuk,A (2772) Huaian 2017}) 8... Nc6 9. e3 {LiveBook: 9 Games} Qe7 $146 {The position is equal.} ({Predecessor:} 9... e4 10. Ng5 exd3 11. Qxd3 Bf5 {½-½ (11) Cu Hor,W (2306)-Lorenzana,W (2330) Santa Clara 2017}) 10. Nc3 Bf5 11. a3 Rad8 12. Nh4 Bg4 13. Qd2 Qe6 14. Ne4 (14. Nd5 $14) 14... Qc8 15. Rfe1 Bh3 16. Bh1 Nxe4 17. dxe4 a6 (17... Bf6 $5 {[%cal Rf6h4]} 18. Nf3 h5 $15) 18. b4 Be6 19. Rac1 Qc7 20. Qc3 Qb6 {[%cal Rc5b4]} 21. bxc5 dxc5 22. Bg2 Rd6 23. Red1 Rfd8 {[%cal Bf8d8,Bd8d6,Bd6c6][%mdl 32]} 24. Rxd6 Rxd6 25. f4 (25. Bf1 $17 {is a better defense.}) 25... Na5 26. Bf1 {[#]} Bxc4 $1 {[%mdl 512]} 27. Bxc4 Nxc4 28. Qxc4 Qxb2 29. Qxc5 $2 (29. Nf3) 29... Rc6 {Precision: White = 22%, Black = 36%.} 0-1

[Event "27th Keres Memorial 2018"]
[Site "Tallinn"]
[Date "2018.01.14"]
[Round "10"]
[White "Rogule, Laura"]
[Black "Aleksandrov, Aleksej"]
[Result "0-1"]
[WhiteElo "2314"]
[BlackElo "2567"]
[Annotator "TA"]
[PlyCount "94"]
[EventDate "2018.??.??"]
[EventType "swiss"]
[EventCountry "EST"]
[SourceTitle "playchess.com"]
[Source "ChessBase"]
[SourceQuality "1"]

{[%evp 23,94,14,18,0,4,6,8,-25,0,-8,-6,-9,-6,-24,-23,-32,-18,-31,-31,-31,-31,-33,-28,-50,-37,-54,-32,-135,-135,-133,-140,-226,-224,-228,-231,-223,-223,-223,-227,-237,-227,-224,-196,-280,-281,-291,-291,-291,-291,-291,-287,-316,-302,-329,-341,-351,-351,-431,-431,-429,-412,-403,-408,-460,-458,-508,-508,-499,-482,-614,-613,-29981,-29983]} 1. d4 Nf6 2. Nf3 d5 3. g3 c6 4. Bg2 Bg4 5. Nbd2 Nbd7 6. O-O e6 7. Re1 Be7 8. e4 dxe4 9. Nxe4 Nxe4 10. Rxe4 Bh5 11. c3 O-O 12. Qb3 {D02: 1 d4 d5 2 Nf3 sidelines, including 2...Nf6 3 g3 and 2...Nf6 3 Bf4} Qb6 {LiveBook: 19 Games} 13. Ne5 (13. Nd2 Bg6 14. Re1 a5 15. Nc4 Qa6 16. a4 Bd3 17. Ne3 Nf6 18. Rd1 Rab8 19. c4 Bg6 20. Bd2 Rfd8 21. Be1 Bh5 22. Rd3 Bg6 23. Rdd1 Bh5 24. Rd3 {½-½ (24) Pantsulaia,L (2607)-Tomashevsky,E (2716) Doha 2016}) 13... Nxe5 14. Rxe5 {The position is equal.} Bg6 15. Bg5 $146 ({Predecessor:} 15. Qc4 Rfd8 16. a4 a5 17. Re2 Bh5 18. Re1 Bg6 19. Re2 Qa6 20. Qxa6 Rxa6 {½-½ (39) Terbe,J (2263)-Izsak,G (2437) Hungary 2017}) 15... Bd6 16. Re2 Qxb3 17. axb3 a5 18. Bf4 Bxf4 19. gxf4 Rfc8 20. Re5 b6 21. Ra4 Bd3 22. Bf3 Rab8 23. Kg2 g6 24. Kg3 Rc7 25. b4 (25. Re3 $15 Bc2 26. Ra3) 25... Bb5 $17 26. Ra3 axb4 27. cxb4 (27. Ra1 $17) 27... Rd7 $19 28. Rc3 Rxd4 29. Bxc6 Bxc6 30. Rxc6 Rxb4 {[%mdl 4096] Endgame KRR-KRR} 31. Re2 Rd8 32. Rc3 Rd5 33. Rc8+ (33. b3 $142) 33... Kg7 34. Rc7 Kf6 35. Rc3 Rdb5 36. Rcc2 Rf5 37. Rc6 Rb3+ ({But not} 37... Rbxf4 38. Rxb6 h5 39. h3 $19) 38. f3 Rb4 39. Re4 Rxb2 40. Rd4 Rc5 41. Rxc5 bxc5 {KR-KR} 42. Rc4 Rb5 43. Kg4 h6 {[%cal Bh7h6,Bh6h5][%mdl 32]} 44. h4 h5+ 45. Kg3 Ke7 46. f5 gxf5 47. Kf4 Rb4 {Precision: White = 28%, Black = 83%.} 0-1

[Event "27th Keres Memorial 2018"]
[Site "Tallinn"]
[Date "2018.01.14"]
[Round "10"]
[White "Valner, Uku"]
[Black "Neiksans, Arturs"]
[Result "1-0"]
[WhiteElo "2267"]
[BlackElo "2590"]
[Annotator "TA"]
[PlyCount "189"]
[EventDate "2018.??.??"]
[EventType "swiss"]
[EventCountry "EST"]
[SourceTitle "playchess.com"]
[Source "ChessBase"]
[SourceQuality "1"]

{[%evp 21,189,0,13,-7,8,-10,15,4,11,8,14,17,18,0,20,0,13,0,72,74,77,71,108,28,96,81,67,60,81,72,79,54,60,24,33,26,20,0,14,0,0,0,0,0,25,0,0,0,0,0,0,0,0,0,0,0,0,0,0,0,0,0,0,0,0,0,0,0,0,0,0,0,0,0,0,0,0,0,0,0,0,0,0,0,0,0,0,0,0,0,0,0,0,0,0,0,0,0,131,131,131,131,131,124,124,124,124,0,12842,417,162,0,0,0,12849,12849,12850,12850,12850,12851,12851,12851,12851,12851,12851,12851,12851,12851,12851,29964,12851,29966,12851,29964,12851,29956,12851,29954,12851,29963,12851,29964,12851,29973,12851,29978,12851,29979,12851,29978,12851,29979,12851,29978,12851,29979,12851,29980,12851,29982,12851,29986,12851,29987,12851,29988,12851,29990,12851,29993]} 1. e4 c5 2. Nc3 Nc6 3. g3 g6 4. Bg2 Bg7 5. d3 e6 6. Be3 d6 7. f4 Nge7 8. Nf3 O-O 9. O-O b6 10. Bf2 Rb8 {B25: Closed Sicilian: 3 g3, lines without early Be3} 11. Qd2 e5 {LiveBook: 5 Games} 12. Rae1 f6 {The position is equal.} 13. Ne2 $146 ({Predecessor:} 13. Nh4 Nd4 14. Kh1 Kh8 15. Nd1 f5 16. c3 Ndc6 17. exf5 gxf5 18. Be3 {0-1 (59) Himanshu,S (2471)-Gopal,G (2598) Kolkata 2009}) 13... f5 14. c3 Kh8 15. Rd1 Be6 16. b3 Bg8 17. Nh4 Qc7 18. Be3 Rbd8 19. fxe5 Nxe5 (19... dxe5 $11 20. Bg5 Rd6) 20. exf5 $16 Nxf5 21. Nxf5 gxf5 22. Bh6 ({White should try} 22. Bg5 $16) 22... Ng4 (22... Bxh6 $11 {keeps the balance.} 23. Qxh6 Ng4) 23. Bxg7+ Qxg7 24. Nf4 Qh6 {[%csl Gg4][%cal Rh6h2] [#]} 25. Bf3 Rde8 26. Bxg4 fxg4 27. Rde1 Bf7 28. Rxe8 Rxe8 29. Re1 (29. Qg2 {keeps more tension.} Qg5 30. Qc6 Qe7 31. c4 Qd8 32. a3) 29... Re5 30. d4 (30. Rd1 {is more complex.} Qg5 31. d4 Re7 32. c4 Qf6 33. Qf2) 30... Rxe1+ 31. Qxe1 {Threatens to win with Qe7.} Qf6 32. Qe3 Qf5 33. Qd3 Qxd3 34. Nxd3 $11 {[%mdl 4096] Endgame KB-KN} c4 35. Nc1 cxb3 36. axb3 a5 37. c4 a4 38. bxa4 Bxc4 39. Kf2 Kg7 40. Ke3 Kf6 41. Nd3 Bb3 42. Nb2 Ke6 43. Kd3 Kd5 44. Kc3 Ba2 45. Kd3 Bb1+ 46. Kc3 $1 Ba2 47. Kd3 h5 48. Kc3 Kc6 49. Nd3 {aiming for Nb4+.} Bf7 50. Nf4 Kb7 51. Kb4 Ka6 52. Nd3 Kb7 53. Nf4 Ka6 54. Nd3 Be8 55. Nf4 Bf7 56. Nd3 Kb7 57. Nf4 Kc6 58. Kc3 Kd7 59. Kb4 Ke7 (59... Kc6 $11) 60. Kb5 $16 Be8+ 61. Kxb6 Bxa4 62. Nxh5 Ke6 63. Nf4+ Kf5 64. Kc7 (64. Nd5 $16) 64... d5 $2 {[%mdl 8192]} (64... Ke4 $11) 65. Kd6 (65. Nxd5 $142 Bb3 66. Nc3) 65... Ke4 $18 66. Nxd5 $2 (66. Kc5 $18 Bb3 67. Nh5) 66... Kxd4 $11 67. Nf6 Bd1 $2 {[%mdl 8192] [#]} (67... Bb3 $11) 68. Ke6 $1 $18 {[%cal Re6f5]} Ke3 69. Kf5 Kf2 70. Nxg4+ Kf3 71. Kg5 Ba4 72. Kh4 Be8 73. h3 Ba4 74. Nf6 Bc2 75. g4 Kf4 76. Nh5+ (76. Kh5 $18 Ke5 77. Kg5) 76... Ke5 77. Kg3 (77. Kg5 $18 Ke6 78. Nf4+ Kf7 79. Kh6) 77... Bb1 78. Nf4 (78. h4 $18 Bd3 79. Nf4) 78... Kf6 79. h4 {[%cal Bh3h4,Bh4h5][%mdl 32]} Bc2 80. h5 Bb1 81. Kh4 (81. Nh3 $18 Be4 82. Kf4) 81... Bc2 82. Nd5+ (82. g5+ $18 Kg7 83. Ng2) 82... Ke5 83. Ne3 Bb1 84. g5 Kf4 85. Nd5+ (85. g6 $18 Be4 86. g7) 85... Ke5 86. Nf6 (86. g6 $18 Bc2 87. Kg5) 86... Kf5 87. Ng4 (87. h6 $18 Kg6 88. Nd7) 87... Ba2 88. Nh6+ (88. g6 $18 Be6 89. g7) 88... Ke6 89. Kg4 (89. g6 $18 Kf6 90. Ng4+ Kf5 91. Ne5) 89... Ke5 90. g6 {[%cal Bg5g6,Bg6g7][%mdl 32]} Kf6 91. Kf4 Bb1 92. Ng4+ Kg7 93. Kg5 Kh8 94. h6 Bc2 95. g7+ {Precision: White = 52%, Black = 43%.} 1-0

[Event "27th Keres Memorial 2018"]
[Site "Tallinn"]
[Date "2018.01.14"]
[Round "10"]
[White "Tronenkovs, Valdis"]
[Black "Ladva, Ottomar"]
[Result "0-1"]
[WhiteElo "2266"]
[BlackElo "2452"]
[Annotator "TA"]
[PlyCount "50"]
[EventDate "2018.??.??"]
[EventType "swiss"]
[EventCountry "EST"]
[SourceTitle "playchess.com"]
[Source "ChessBase"]
[SourceQuality "1"]

{[%evp 20,50,17,3,16,9,0,12,41,0,0,-125,-112,-131,-133,-312,-304,-314,-283,-304,-288,-418,-403,-574,-593,-922,-853,-1838,-1839,-1653,-1633,-1581,-1564]} 1. e4 g6 2. d4 Bg7 3. Nc3 d6 4. f4 a6 5. Nf3 b5 6. Bd3 Nd7 7. e5 c5 {B06: Modern Defence} 8. Be4 Rb8 9. Be3 b4 (9... cxd4 10. Bxd4 dxe5 11. fxe5 e6 12. O-O Ne7 13. Qe1 O-O 14. a4 b4 15. Ne2 {0-1 (49) Anand,V (2793)-Caruana,F (2829) London 2014}) 10. Ne2 Nh6 11. h3 {LiveBook: 3 Games} O-O 12. O-O Qc7 13. c3 {[#]} a5 $146 ({Predecessor:} 13... Kh8 14. Qe1 bxc3 15. bxc3 {0-1 (34) Chernov,V (2434)-Stopa,J (2540) Frankenthal 2015}) 14. Qe1 Ba6 15. e6 (15. Rf2 $11) 15... fxe6 $17 16. Ng5 Nf6 17. dxc5 $2 {[#]} (17. Bf3 $17 Qc8 18. dxc5) 17... Nxe4 $19 ({Less strong is} 17... dxc5 18. Bf3 $17) 18. Nxe4 bxc3 19. bxc3 Nf5 {[%cal Bh6f5,Bf5h4,Bh4f3][%mdl 32]} 20. Qd2 (20. Bd2 $142) 20... Qc6 21. Ng5 (21. N4g3 {keeps fighting.} Nxg3 22. Nxg3) 21... dxc5 {Black is clearly winning.} 22. Rfe1 Rfd8 23. Qc1 Nh4 {[%csl Gh4][%cal Rc6g2] [#]} 24. Nf3 Nxf3+ 25. gxf3 Qxf3 {Precision: White = 24%, Black = 76%.} 0-1

[Event "27th Keres Memorial 2018"]
[Site "Tallinn"]
[Date "2018.01.14"]
[Round "10"]
[White "Petrov, Dmitri"]
[Black "Meskovs, Nikita"]
[Result "0-1"]
[WhiteElo "2181"]
[BlackElo "2577"]
[Annotator "TA"]
[PlyCount "94"]
[EventDate "2018.??.??"]
[EventType "swiss"]
[EventCountry "EST"]
[SourceTitle "playchess.com"]
[Source "ChessBase"]
[SourceQuality "1"]

{[%evp 17,93,34,17,-26,-17,-46,-34,-55,-36,-84,-41,-114,-25,-48,-18,-23,-18,-18,-8,-9,0,-23,-25,-102,-120,-133,-128,-239,-231,-235,-237,-247,-254,-258,-258,-257,-264,-256,-254,-293,-290,-300,-305,-319,-311,-406,-403,-462,-460,-462,-450,-440,-368,-356,-368,-410,-410,-360,-331,-332,-322,-314,-291,-355,-357,-1009,-941,-1578,-1547,-1122,-936,-29982,-29983,-29988,-29985,-29993,-29994,-29999]} 1. e4 c5 2. Nf3 e6 3. d4 cxd4 4. Nxd4 Nc6 5. Nc3 Qc7 6. Be2 a6 7. O-O Nf6 8. Be3 Bb4 9. Na4 Be7 10. f3 {B49: Sicilian: Taimanov: 5 Nc3 Qc7 6 Be3 a6 7 Be2} (10. c4 Nxe4 11. c5 O-O 12. Rc1 Rb8 13. g3 Bg5 14. f4 Bh6 15. Bf3 f5 16. Bxe4 fxe4 17. Nxc6 bxc6 18. Qd6 Qxd6 19. cxd6 e5 20. Rc4 {½-½ (47) Fressinet,L (2662)-Rapport,R (2707) Riadh 2017}) 10... b5 11. Nc3 Bb7 12. Qe1 $146 {Black is slightly better.} ({Find the theoretical novelty and annotate with similar games:} 12. Qd2 Rc8 13. Rac1 {0-1 (40) Garcia,A (1921)-Allen,A (1823) Managua 2016}) 12... O-O 13. Qf2 Ne5 14. Rad1 (14. a3 $15) 14... Rac8 ({Black should try} 14... b4 $1 $17 {[%cal Rb4c3]} 15. Nb1 d5 16. exd5 Nxd5) 15. a3 d6 16. Rd2 Nfd7 17. Rfd1 Nc4 18. Bxc4 $1 Qxc4 19. Nb3 Qc7 20. f4 {[#]} (20. Ba7 $11) 20... Nf6 $1 $36 {[%mdl 2048] Black is on the roll.} 21. Bb6 {[#]} Qb8 $1 22. Re1 {[#]} (22. Ba7 $17 Qa8 23. Bd4) 22... Rxc3 $1 $19 {[%mdl 512]} 23. bxc3 Nxe4 24. Rxe4 Bxe4 25. Qe3 Bg6 26. Bd4 Qb7 27. Re2 Qd5 28. Nd2 Bxc2 29. Nf3 Bg6 30. g4 Bd8 31. h4 h5 32. Rg2 hxg4 33. Rxg4 Qf5 34. Rg3 Bf6 ({Don't take} 34... Qb1+ 35. Kh2 $19) 35. Bxf6 Qxf6 ({Less strong is} 35... gxf6 36. Qd4 $19) 36. Rg5 Rc8 37. Nd4 e5 38. fxe5 dxe5 39. Nf3 e4 {[%cal Be5e4,Be4e3,Be3e2][%mdl 32]} 40. Ne5 Re8 41. Qg3 $2 (41. Nxg6 fxg6 42. Kg2) 41... Bf5 42. Nc6 e3 43. Nd4 Bd3 44. Qe1 e2 {Black mates.} 45. Kh2 Qf4+ 46. Kh1 Qf1+ 47. Rg1 Qh3# {Precision: White = 22%, Black = 72%.} 0-1

[Event "27th Keres Memorial 2018"]
[Site "Tallinn"]
[Date "2018.01.14"]
[Round "11"]
[White "Fridman, Daniel"]
[Black "Kovalev, Vladislav"]
[Result "1/2-1/2"]
[WhiteElo "2671"]
[BlackElo "2642"]
[Annotator "TA"]
[PlyCount "99"]
[EventDate "2018.??.??"]
[EventType "swiss"]
[EventCountry "EST"]
[SourceTitle "playchess.com"]
[Source "ChessBase"]
[SourceQuality "1"]

{[%evp 22,99,38,37,25,0,25,0,20,16,43,43,34,39,51,24,50,35,51,20,11,12,53,30,30,25,58,58,43,29,54,31,62,32,27,11,23,18,29,15,13,10,10,0,9,0,0,0,0,-5,0,0,0,0,0,-3,0,0,0,4,15,30,32,20,57,57,57,57,57,57,57,45,42,50,52,27,36,0,49,0]} 1. d4 Nf6 2. Nf3 g6 3. g3 Bg7 4. Bg2 O-O 5. O-O d6 6. b3 e5 7. dxe5 dxe5 8. Ba3 Re8 {A49: 1 d4 Nf6 2 Nf3 g6 3 g3: Anti-King's Indian systems} 9. Qxd8 Rxd8 10. Nc3 Nc6 11. Rad1 Bf5 12. Nh4 {LiveBook: 7 Games} Bd7 13. Nf3 Bf5 14. Nh4 Bd7 15. Rd2 Be8 16. Rfd1 Rxd2 17. Rxd2 {[#]} a6 $146 ({Predecessor:} 17... Rd8 18. Nf3 {½-½ (32) Dreev,A (2652)-Onischuk,V (2623) Bastia 2017}) 18. e3 Bf8 19. Bb2 Rd8 20. Rxd8 (20. Nb1 {keeps more tension.} Rxd2 21. Nxd2 Nd7 22. Bxc6 bxc6 23. f4) 20... Nxd8 21. Nf3 Nc6 22. Ne1 Bd6 23. Nd3 Kf8 24. Na4 Nd7 25. c4 f6 26. f4 exf4 27. exf4 (27. Bxc6 $5 bxc6 28. exf4 $11 (28. gxf4 g5 $11)) 27... Nd8 28. Nc3 c6 29. Ne4 Be7 30. g4 Ne6 31. f5 Ng7 32. fxg6 hxg6 33. Nf4 g5 34. Ne2 Bg6 35. Kf2 Kf7 36. Ke3 f5 37. gxf5 Nxf5+ 38. Kd2 Ke6 39. Bh3 $36 {[%mdl 2048] White has some pressure.} Kf7 40. Ng1 Nc5 41. Nxc5 Bxc5 42. Nf3 {[#] Ne5+ is the strong threat.} Be3+ 43. Ke2 Bf4 $1 44. Ne5+ Bxe5 45. Bxe5 $14 {KBB-KBN} Ke6 46. Bc3 Bh5+ 47. Kf2 Bd1 48. Ke1 Bf3 49. Kf2 Bd1 50. Ke1 {Precision: White = 45%, Black = 67%.} 1/2-1/2